000 02601nam0a2200481 4500
001 RU\NLR\bibl\1692692
005 20250616054850.0
010 _a978-5-17-067200-4
_bАСТ
010 _a978-5-271-26752-9
_bАстрель
010 _a978-54215-07901
_bПолиграфиздат
_93000
021 _aRU
_b2010-73721
_94890
035 _a(nilc)LIBNET\0000074300
035 _a1VIL\RUSMED\0000178465
035 _aRSL-KNO-004736900
035 _a(NLR Aleph) 001683801
090 _a1117903
_c1117903
100 _a20101012d2010 |||y0rusy50 ca
101 0 _arus
102 _aRU
105 _ay g |||||
200 1 _aДиагностический справочник стоматолога
_e[полный систематизированный справочник для врачей-стоматологов, зубных врачей и студентов стоматологических факультетов
_eсовременные методы диагностики в стоматологии, клиническое и инструментальное обследование пациента, особенности осмотра пациента, аномалии и пороки развития зубочелюстной системы, нейросоматические заболевания в стоматологии, неотложные состояния в стоматологии, травмы мягких тканей лица, опухоли челюстно-лицевой области]
_fН. Н. Полушкина
210 _aМосква
_cАСТ [и др.]
_d2010
215 _a559 с.
_d22
300 _aНа обл. авт. не указан
606 1 _aСТОМАТОГНАТИЧЕСКИЕ БОЛЕЗНИ
_xдиагностика
_jсправочники
_2rus_mesh
_3R9225-5.1
606 1 _aSTOMATOGNATHIC DISEASES
_xdiagnosis
_2rus_mesh
_3E9225-5.1
606 1 _aСтоматология
_jСправочники
_9932187
_3RU\NLR\auth\6624880
686 _a76.29.55
_2rugasnti
686 _a76.01.33
_2rugasnti
686 _aC07 - диагностика
_v2010
_2MESH
686 _aC07 - diagnosis
_v2010
_2MESH
686 _aР66я221
_2rubbk
686 _aР66я221
700 1 _aПолушкина
_bН. Н.
_gНадежда Николаевна
_4070
801 0 _aRU
_bЦНМБ
_c20101012
_gPSBO
801 1 _aRU
_bЦНМБ
_c20101012
801 2 _aRU
_bЦНМБ
_c20101019
801 2 _aRU
_bРГБ
_c20100928
801 2 _aRU
_bNLR
_c20101029
_grcr
830 _aавт. по кн.
942 _cBOOK
980 _aNB